| 000 | 00775nam0a22002291 4500 | ||
|---|---|---|---|
| 001 | rc\2952239 | ||
| 005 | 20250529234303.0 | ||
| 035 | _a(NLR Aleph) 007099773 | ||
| 090 |
_a6658607 _c6658607 |
||
| 100 | _a20110831d1933 |||y0rusy50 ca | ||
| 101 | 0 | _arus | |
| 102 | _aRU | ||
| 105 | _aa z ||||| | ||
| 200 | 1 |
_aОбработка золотосодержащих илов цианированием _fИ.С. Стахеев |
|
| 210 |
_aМосква _aЛенинград _cЦветметиздат _d1933 _eЛенинград _gтип. им. Евг. Соколовой |
||
| 215 |
_aОбл., 50, [2] с. _cил. _d23×15 см |
||
| 700 | 1 |
_aСтахеев _bИ.С. |
|
| 801 | 0 |
_aRU _bNLR _gpsbo |
|
| 801 | 1 |
_aRU _bELAR _2rusmarc |
|
| 852 |
_aNLR _j33-11/490 |
||
| 942 | _cBOOK | ||
| 980 | _aNB | ||